| 000 | 02774nam a2200721 a 4500 | ||
|---|---|---|---|
| 008 | 130614t2014 VE a|||f |||| 001 0 spa d | ||
| 020 | _a9789588760377 | ||
| 041 | _aspa | ||
| 092 |
_c618 _l65 _sPAL |
||
| 100 | 1 |
_aPalermo, Mario S. F. _93571 |
|
| 245 |
_aEmbarazo normal y de alto riesgo / _cMario S. F. Palermo |
||
| 250 | _a1a ed. | ||
| 260 |
_aCaracas: _bAmolca; _c2014. |
||
| 300 | _a867 p. | ||
| 500 | _aPalermo, M. S. F. (2014). Embarazo normal y de alto riesgo. (1a ed.). Caracas : Amolca. | ||
| 653 | _aAnatomia del aparato reproductor femenino | ||
| 653 | _aFecundación,embriogénesis y placentación | ||
| 653 | _aModificaciones gravídicas | ||
| 653 | _aSemiología obstetrica | ||
| 653 | _aUltrasonografía y diagnóstico prenatal | ||
| 653 | _aEmbarazo normal | ||
| 653 | _aAsistencia del trabajo de parto y parto normal | ||
| 653 | _aOperaciones obstétricas | ||
| 653 | _aPuerperio normal y patológico | ||
| 653 | _aSalud sexual y planificación familiar | ||
| 653 | _aAspectos médico-legales en perinatología | ||
| 653 | _aAspectos legales de la historia clínica | ||
| 653 | _aLa salud perinatal desde una perspectiva de salud | ||
| 653 | _aEmbarazo durante la adolescencia | ||
| 653 | _aMalformaciones de los órganos genitales | ||
| 653 | _aHemorragia de la primera mitad del embarazo | ||
| 653 | _aHemorragia de la segunda mitad del embarazo | ||
| 653 | _aSepsis grave,shock séptico y embarazo | ||
| 653 | _aEmbarazo múltiple | ||
| 653 | _aEmbarazo prolongado | ||
| 653 | _aParto pretérmino | ||
| 653 | _aMaduración pulmonar fetal | ||
| 653 | _aIsoinmunización feto-materna | ||
| 653 | _aMalformaciones placentarias | ||
| 653 | _aPolihidramnios y oligoamnios | ||
| 653 | _aInfección del saco amniótico y membrana | ||
| 653 | _aTratamiento y diagnóstico del acretismo placentario | ||
| 653 | _aInfección materna y perinatal | ||
| 653 | _aEnfermedades hematológicas | ||
| 653 | _aEnfermedades del aparato digestivo | ||
| 653 | _aEnfermedades hepáticas | ||
| 653 | _aEnfermedades del aparato cardiovascular | ||
| 653 | _aCardiopatías y embarazo | ||
| 653 | _aEnfermedades renales y de las vías urinarias | ||
| 653 | _aEnfermedades de la nutrición y endocrinopatías | ||
| 653 | _aEnfermedades tromboembólicas y embarazo | ||
| 653 | _aTrastornos neurológicos | ||
| 653 | _aTrastornos dermatológicos | ||
| 653 | _aCáncer de cuello y estado grávido puerperal | ||
| 653 | _aCáncer de mama y embarazo | ||
| 653 | _aComplicaciones quirúrgicas | ||
| 653 | _aDistocias | ||
| 653 | _aDrogas y embarazo | ||
| 653 | _aFármacos y embarazo | ||
| 653 | _aRegionalización de la atención perinatal | ||
| 653 | _aGestión por procesos | ||
| 942 |
_2ddc _cBK |
||
| 999 |
_c2113 _d2113 |
||